000 00362nam a2200145Ia 4500
008 150201s2009 xx 000 0 und d
082 _a612
_bP2009G
100 _aGEETHA
245 _aTEXTBOOK OF PHYSIOLOGY FOR DENTAL STUDENTS
250 _a1ST
260 _bPARAS PUBLISHING
_aHYDERABAD
_c2009
300 _a1-371
650 _aPHYSIOLOGY
942 _2ddc
_cBK
_02
999 _c4238
_d4238